Score 0/14 Timer 02:00
1 Play Today
Clue Answer % Correct
A sudden change in one's emotional state is called this type of swingMOOD
95.1%
What runs from a runny noseSNOT
95.1%
Black stuff in a fireplaceSOOT
94.4%
Type of pyramid, in nutritionFOOD
92.8%
Boat's speed unitKNOT
91.6%
No longer worth arguing overMOOT
90.8%
Italics alternativeBOLD
88.9%
Clue Answer % Correct
With [last rung], notable Kentucky army postFORT
83.2%
What can be found inside the depository at [first rung]+[last rung]GOLD
83.1%
With [first rung], notable Kentucky army postKNOX
82.9%
Cross a river on footFORD
82%
A product available for saleGOOD
81.3%
MI6 agent who foiled Goldfinger's Operation Grand Slam against [first rung]+[last rung]BOND
74.6%
Moon, in GermanMOND
71.7%

Today's Daily Dose

Missing Word
Marvin Gaye Songs

Quick Pick
Movies of 2019

Get the Picture
Chinese Cities

You're not logged in!

Compare scores with friends on all Sporcle quizzes.
OR
Log In

Sporcle TV

Today on Sporcle TV


Watch our educational content, quiz creation guides, and fun videos on Sporcle TV.

Show Comments

Extras

Top Quizzes Today


Score Distribution

Your Account Isn't Verified!

In order to create a playlist on Sporcle, you need to verify the email address you used during registration. Go to your Sporcle Settings to finish the process.

Report this User

Report this user for behavior that violates our Community Guidelines.

Details: